| 000 | 00809nam a2200289Ia 4500 | ||
|---|---|---|---|
| 001 | Para_6742 | ||
| 003 | CHAP | ||
| 008 | 220125s1984 xx 000 0 und d | ||
| 010 | _a204216 | ||
| 040 | _cCHAP | ||
| 082 | _aPA 632.954 K5y | ||
| 100 |
_aKlingman, Glenn C. _963466 |
||
| 245 |
_aEstudio de las plantas nocivas : _b Principios y prácticas / _c por Glenn C. Lingman, Floyd M. Ashton |
||
| 260 |
_aMéxico : _b Limusa |
||
| 300 | _a449 p. | ||
| 650 |
_aHerbicidas _953691 |
||
| 650 |
_aMalas hierbas _969996 |
||
| 650 |
_aMalas hierbas _x control _970011 |
||
| 700 |
_aAshton, Floyd M. _97930 |
||
| 901 | _aPA 632.954 K5Y | ||
| 902 | _aA | ||
| 905 | _a0000001984 0000000000 00 | ||
| 910 | _a1984 | ||
| 942 | _cPARA | ||
| 942 |
_cPARA _d1 |
||
| 999 |
_c204216 _d204216 |
||